<?xml version="1.0" encoding="UTF-8"?>
<record
    xmlns:xsi="http://www.w3.org/2001/XMLSchema-instance"
    xsi:schemaLocation="http://www.loc.gov/MARC21/slim http://www.loc.gov/standards/marcxml/schema/MARC21slim.xsd"
    xmlns="http://www.loc.gov/MARC21/slim">

  <leader>00837nam a22002177a 4500</leader>
  <controlfield tag="003">UA-OsUOA</controlfield>
  <controlfield tag="001"> 114083 </controlfield>
  <controlfield tag="007">ta</controlfield>
  <controlfield tag="008">20151015b un ||||| |||| 00| 0 ukr d</controlfield>
  <datafield tag="100" ind1=" " ind2=" ">
    <subfield code="a">&#x411;&#x440;&#x430;&#x442;&#x430;&#x448; &#x41E;.</subfield>
  </datafield>
  <datafield tag="090" ind1=" " ind2=" ">
    <subfield code="a">81</subfield>
    <subfield code="b">&#x411;87</subfield>
  </datafield>
  <datafield tag="942" ind1=" " ind2=" ">
    <subfield code="c">SA</subfield>
  </datafield>
  <datafield tag="040" ind1=" " ind2=" ">
    <subfield code="a">UA-OsUOA</subfield>
    <subfield code="b">ukr</subfield>
    <subfield code="c">UA-OsUOA</subfield>
    <subfield code="d">UA-OsUOA</subfield>
  </datafield>
  <datafield tag="245" ind1=" " ind2=" ">
    <subfield code="a">&#x41C;&#x430;&#x442;&#x435;&#x440;&#x456;&#x430;&#x43B;&#x438; &#x434;&#x43E; &#x432;&#x438;&#x432;&#x447;&#x435;&#x43D;&#x43D;&#x44F; &#x441;&#x442;&#x438;&#x43B;&#x456;&#x441;&#x442;&#x438;&#x43A;&#x438; &#x440;&#x435;&#x447;&#x435;&#x43D;&#x43D;&#x44F; &#x43D;&#x430; &#x443;&#x440;&#x43E;&#x43A;&#x430;&#x445; &#x443;&#x43A;&#x440;&#x430;&#x457;&#x43D;&#x441;&#x44C;&#x43A;&#x43E;&#x457; &#x43C;&#x43E;&#x432;&#x438; &#x432; 11 &#x43A;&#x43B;&#x430;&#x441;&#x456; (&#x437; &#x432;&#x438;&#x43A;&#x43E;&#x440;&#x438;&#x441;&#x442;&#x430;&#x43D;&#x43D;&#x44F;&#x43C; &#x406;&#x41A;&#x422;)</subfield>
  </datafield>
  <datafield tag="300" ind1=" " ind2=" ">
    <subfield code="a">&#x421;.14-37</subfield>
  </datafield>
  <datafield tag="955" ind1=" " ind2=" ">
    <subfield code="a">0</subfield>
  </datafield>
  <datafield tag="041" ind1=" " ind2=" ">
    <subfield code="a">ukr</subfield>
  </datafield>
  <datafield tag="080" ind1=" " ind2=" ">
    <subfield code="a">81</subfield>
  </datafield>
  <datafield tag="773" ind1="0" ind2=" ">
    <subfield code="w">114081</subfield>
    <subfield code="t">&#x41F;&#x440;&#x43E;&#x433;&#x440;&#x430;&#x43C;&#x430; &#x43F;&#x441;&#x438;&#x445;&#x43E;&#x43B;&#x43E;&#x433;&#x456;&#x447;&#x43D;&#x43E;&#x433;&#x43E; &#x441;&#x443;&#x43F;&#x440;&#x43E;&#x432;&#x43E;&#x434;&#x443; &#x43E;&#x431;&#x434;&#x430;&#x440;&#x43E;&#x432;&#x430;&#x43D;&#x438;&#x445; &#x434;&#x456;&#x442;&#x435;&#x439;</subfield>
    <subfield code="d">&#x41B;&#x44C;&#x432;&#x456;&#x432;</subfield>
    <subfield code="d">2015</subfield>
    <subfield code="g">3</subfield>
  </datafield>
  <datafield tag="650" ind1=" " ind2="7">
    <subfield code="a">8 &#x41C;&#x43E;&#x432;&#x43E;&#x437;&#x43D;&#x430;&#x432;&#x441;&#x442;&#x432;&#x43E;. &#x425;&#x443;&#x434;&#x43E;&#x436;&#x43D;&#x44F; &#x43B;&#x456;&#x442;&#x435;&#x440;&#x430;&#x442;&#x443;&#x440;&#x430;. &#x41B;&#x456;&#x442;&#x435;&#x440;&#x430;&#x442;&#x443;&#x440;&#x43E;&#x437;&#x43D;&#x430;&#x432;&#x441;&#x442;&#x432;&#x43E;</subfield>
    <subfield code="2">UDC</subfield>
  </datafield>
  <datafield tag="999" ind1=" " ind2=" ">
    <subfield code="c">400157</subfield>
    <subfield code="d">400157</subfield>
  </datafield>
</record>
